Tissue and hygiene in Egypt.

Bibliographic Details
Format: Book
Published: London: Euromonitor International, 2015.
Series:Market report : April 2015
Subjects:
LEADER 00740cam a2200205 7i4500
001 0000032658
005 20150820090000.0
090 0 0 |a EGPT 613   |b TIS 
245 0 0 |a Tissue and hygiene in Egypt. 
260 0 0 |a London:   |b Euromonitor International,   |c 2015. 
300 # # |a 48 pages. 
440 0 0 |a Market report : April 2015 
650 0 0 |a Tissue paper --   |x Markets --   |z Egypt  
650 0 0 |a Hygiene --   |x Markets --   |z Egypt  
650 0 0 |a Cotton wool --   |x Markets --   |z Egypt  
650 0 0 |a Cotton buds --   |x Markets --   |z Egypt  
650 0 0 |a Cotton pads --   |x Markets --   |z Egypt  
650 0 0 |a Incontimence, Urinary --   |x Markets --   |z Egypt  
650 0 0 |a Sanitary napkins --   |x Markets --   |z Egypt  
999 |a B000036509  |b Book  |c Countries  |e Business Information Centre